Knockout of gene expression in induced endometriotic cells / (رقم التسجيلة. 72457)

تفاصيل مارك
000 -LEADER
fixed length control field 02445cam a2200349 a 4500
003 - CONTROL NUMBER IDENTIFIER
control field EG-GiCUC
005 - DATE AND TIME OF LATEST TRANSACTION
control field 20250223032316.0
008 - FIXED-LENGTH DATA ELEMENTS--GENERAL INFORMATION
fixed length control field 190615s2018 ua dh f m 000 0 eng d
040 ## - CATALOGING SOURCE
Original cataloging agency EG-GiCUC
Language of cataloging eng
Transcribing agency EG-GiCUC
041 0# - LANGUAGE CODE
Language code of text/sound track or separate title eng
049 ## - LOCAL HOLDINGS (OCLC)
Holding library Deposite
097 ## - Thesis Degree
Thesis Level Ph.D
099 ## - LOCAL FREE-TEXT CALL NUMBER (OCLC)
Classification number Cai01.24.03.Ph.D.2018.Eh.K
100 0# - MAIN ENTRY--PERSONAL NAME
Personal name Ehab Nabil Salama
245 10 - TITLE STATEMENT
Title Knockout of gene expression in induced endometriotic cells /
Statement of responsibility, etc. Ehab Nabil Salama ; Supervised Mohamed Amr Hussein Elnoury , Sherif Mohamed Khatab , Osama Mahmoud Azmy
246 15 - VARYING FORM OF TITLE
Title proper/short title ايقاف التعبير الجينى فى الخلايا المحفزه الى خلايا مشابهة لخلايا البطانه الرحمية
260 ## - PUBLICATION, DISTRIBUTION, ETC.
Place of publication, distribution, etc. Cairo :
Name of publisher, distributor, etc. Ehab Nabil Salama ,
Date of publication, distribution, etc. 2018
300 ## - PHYSICAL DESCRIPTION
Extent 164 P. :
Other physical details charts , facsimiles ;
Dimensions 25cm
502 ## - DISSERTATION NOTE
Dissertation note Thesis (Ph.D.) - Cairo University - National Institute of Laser Enhanced Sciences - Department of Laser Applications in Medical and Biological
520 ## - SUMMARY, ETC.
Summary, etc. Endometriosis is a common gynecological disorder defined as the presence of chronic ectopic functioning endometrial tissues, outside uterine cavity, primarily on the pelvic peritoneum and the ovaries. Several studies showed a correlation between aberrant stem-cell activity in the endometrium and endometriosis. Yet the molecular and cellular behaviors of mesenchymal stem cells in development of endometriosis are hampered by lack of in-vitro experiments. Our aim was to study the morphological and molecular changes associated with mesenchymal stem cells (MSCs) upon exposure to serum derived from women with severe endometriosis. Two cell cultures of MSCs isolated from endometrial tissues of two endometriosis-free women. Each cell culture was treated individually with two concentrations of the serum of women with endometriosis (experimental group/n = 20), and serum of women without endometriosis (control group/ n =10) for 14 days. Quantitative Real-Time PCR was done later to detect expression of OCT4, CDH1 and CDH2, STAT3 and SOX2 genes
530 ## - ADDITIONAL PHYSICAL FORM AVAILABLE NOTE
Additional physical form available note Issued also as CD
653 #4 - INDEX TERM--UNCONTROLLED
Uncontrolled term Endometriosis
653 #4 - INDEX TERM--UNCONTROLLED
Uncontrolled term Mesenchymal stem cells
653 #4 - INDEX TERM--UNCONTROLLED
Uncontrolled term OCT-4
700 0# - ADDED ENTRY--PERSONAL NAME
Personal name Mohamed Amr Hussein Elnoury ,
Relator term
700 0# - ADDED ENTRY--PERSONAL NAME
Personal name Osama Mahmoud Azmy ,
Relator term
700 0# - ADDED ENTRY--PERSONAL NAME
Personal name Sherif Mohamed Khatab ,
Relator term
856 ## - ELECTRONIC LOCATION AND ACCESS
Uniform Resource Identifier <a href="http://172.23.153.220/th.pdf">http://172.23.153.220/th.pdf</a>
905 ## - LOCAL DATA ELEMENT E, LDE (RLIN)
Cataloger Nazla
Reviser Revisor
905 ## - LOCAL DATA ELEMENT E, LDE (RLIN)
Cataloger Shimaa
Reviser Cataloger
942 ## - ADDED ENTRY ELEMENTS (KOHA)
Source of classification or shelving scheme Dewey Decimal Classification
Koha item type Thesis
المقتنيات
Source of classification or shelving scheme Not for loan Home library Current library Date acquired Full call number Barcode Date last seen Koha item type Copy number
Dewey Decimal Classification   المكتبة المركزبة الجديدة - جامعة القاهرة قاعة الرسائل الجامعية - الدور الاول 11.02.2024 Cai01.24.03.Ph.D.2018.Eh.K 01010110078441000 22.09.2023 Thesis  
Dewey Decimal Classification   المكتبة المركزبة الجديدة - جامعة القاهرة مخـــزن الرســائل الجـــامعية - البدروم 11.02.2024 Cai01.24.03.Ph.D.2018.Eh.K 01020110078441000 22.09.2023 CD - Rom 78441.CD
Cairo University Libraries Portal Implemented & Customized by: Eng. M. Mohamady Contacts: new-lib@cl.cu.edu.eg | cnul@cl.cu.edu.eg
CUCL logo CNUL logo
© All rights reserved — Cairo University Libraries
CUCL logo
Implemented & Customized by: Eng. M. Mohamady Contact: new-lib@cl.cu.edu.eg © All rights reserved — New Central Library
CNUL logo
Implemented & Customized by: Eng. M. Mohamady Contact: cnul@cl.cu.edu.eg © All rights reserved — Cairo National University Library